| 000 | 00400nam a2200133 a 4500 | ||
|---|---|---|---|
| 001 | 000038790 | ||
| 005 | 20201002031354.0 | ||
| 008 | 130423s2013 dr 000 0 spa d | ||
| 040 |
_aDO-SdBNP _bspa _cBNPHU |
||
| 100 | 1 |
_aLeón Méndez, Fernándo _965095 |
|
| 245 | 1 | 4 |
_aLas fuerzas que viven del caos / _cFernándo León Méndez. |
| 260 |
_aSanto Domingo : _b[s.l.], _c2013. |
||
| 300 |
_a156 p. ; _c22 cm. |
||
| 999 |
_c38280 _d38280 |
||